[Event "Groningen Festival 2018"]
[Site "Groningen"]
[Date "2018.12.29"]
[Round "8"]
[White "Nicolai, Amir"]
[Black "Maris, Ivo"]
[Result "0-1"]
[WhiteElo "2074"]
[BlackElo "2351"]
[Annotator "NA"]
[PlyCount "106"]
[EventDate "2018.12.22"]
[EventType "swiss"]
[EventCountry "NED"]
[SourceTitle "playchess.com"]
[Source "ChessBase"]
[SourceQuality "1"]
[TimeControl "40/5400+30:1800+30"]

1. e4 {[%emt 0:00:00]} c5 {[%emt 0:05:02]} 2. Nf3 {[%emt 0:00:00]} e6 {[%emt 0:00:08]} 3. d4 {[%emt 0:00:00]} cxd4 {[%emt 0:00:04]} 4. Nxd4 {[%emt 0:00:00]} Nc6 {[%emt 0:00:04]} 5. Nc3 {[%emt 0:00:00]} Qc7 {[%emt 0:00:03]} 6. Be3 {[%emt 0:00:01]} a6 {[%emt 0:00:05]} 7. Qf3 {[%emt 0:00:14]} d6 {[%emt 0:00:54]} 8. Nxc6 {[%emt 0:01:44]} bxc6 {[%emt 0:00:28]} 9. O-O-O {[%emt 0:03:11]} Nf6 {[%emt 0:01:29]} 10. Kb1 {[%emt 0:01:27]} e5 {[%emt 0:03:50]} 11. Qg3 {[%emt 0:12:04]} h5 {[%emt 0:06:26]} 12. Bg5 {[%emt 0:04:26]} Nh7 {[%emt 0:08:33]} 13. Bc1 {[%emt 0:06:18]} Nf6 {[%emt 0:03:02]} 14. Bg5 {[%emt 0:06:23]} Be7 {[%emt 0:09:55]} 15. Bc4 {[%emt 0:03:32]} h4 {[%emt 0:04:14]} 16. Qd3 {[%emt 0:05:54]} h3 {[%emt 0:13:33]} 17. g3 {[%emt 0:10:37]} Ng4 {[%emt 0:10:14]} 18. Bxe7 {[%emt 0:03:44]} Kxe7 {[%emt 0:00:26]} 19. Qd2 {[%emt 0:01:43]} Rb8 {[%emt 0:03:26]} 20. f4 {[%emt 0:03:23]} f6 {[%emt 0:04:41]} 21. b3 {[%emt 0:05:20]} Rd8 {[%emt 0:02:13]} 22. f5 {[%emt 0:07:24]} Qb6 {[%emt 0:01:30]} 23. Rhe1 {[%emt 0:04:28]} Qb4 {[%emt 0:04:09]} 24. Bd5 {[%emt 0:01:30]} Qc5 {[%emt 0:02:34]} 25. Na4 {[%emt 0:05:54]} Qb5 {[%emt 0:00:12]} 26. Nc3 {[%emt 0:00:26]} Qb7 {[%emt 0:00:51]} 27. Qe2 {[%emt 0:01:51]} Nh6 {[%emt 0:00:29]} 28. Bc4 {[%emt 0:00:16]} d5 {[%emt 0:03:23]} 29. Nxd5+ {[%emt 0:02:44]} cxd5 {[%emt 0:00:49]} 30. Bxd5 {[%emt 0:00:02]} Qc7 {[%emt 0:05:46]} 31. Qh5 {[%emt 0:03:00]} Bb7 {[%emt 0:00:21]} 32. Be6 {[%emt 0:01:00]} Rxd1+ {[%emt 0:00:38]} 33. Rxd1 {[%emt 0:00:54]} Rd8 {[%emt 0:00:01]} 34. Bd5 {[%emt 0:00:33]} Bxd5 {[%emt 0:01:06]} 35. exd5 {[%emt 0:00:12]} Qc5 {[%emt 0:00:18]} 36. c4 {[%emt 0:00:42]} Qf2 {[%emt 0:00:06]} 37. Qg6 {[%emt 0:01:47]} Qxf5+ {[%emt 0:00:12]} 38. Qxf5 {[%emt 0:00:35]} Nxf5 {[%emt 0:00:02]} 39. Kb2 {[%emt 0:00:17]} Kd6 {[%emt 0:00:36]} 40. Kc3 {[%emt 0:00:18]} Rc8 {[%emt 0:01:03]} 41. g4 {[%emt 0:31:06]} Nd4 {[%emt 0:31:23]} 42. b4 {[%emt 0:02:31]} a5 {[%emt 0:00:43]} 43. bxa5 {[%emt 0:01:53]} Kc5 {[%emt 0:01:25]} 44. Rb1 {[%emt 0:00:27]} Ra8 {[%emt 0:02:45]} 45. Rb7 {[%emt 0:00:45]} Rxa5 {[%emt 0:00:08]} 46. Rc7+ {[%emt 0:00:06]} Kd6 {[%emt 0:00:24]} 47. Rxg7 {[%emt 0:00:07]} Rxa2 {[%emt 0:00:20]} 48. Rf7 {[%emt 0:00:07]} Rxh2 {[%emt 0:00:25]} 49. Rxf6+ {[%emt 0:00:19]} Kc5 {[%emt 0:00:07]} 50. d6 {[%emt 0:00:00]} e4 {[%emt 0:00:00]} 51. Rf5+ {[%emt 0:00:00]} Nxf5 {[%emt 0:00:00]} 52. d7 {[%emt 0:00:00]} Nd4 {[%emt 0:00:00]} 53. d8=Q {[%emt 0:00:00]} Rc2# {[%emt 0:00:00]} 0-1

[Event "Groningen Festival 2018"]
[Site "Groningen"]
[Date "2018.12.30"]
[Round "9"]
[White "Krasenkow, Michal"]
[Black "Warmerdam, Max"]
[Result "1/2-1/2"]
[WhiteElo "2630"]
[BlackElo "2433"]
[Annotator "TA"]
[PlyCount "107"]
[EventDate "2018.12.22"]
[EventType "swiss"]
[EventCountry "NED"]
[SourceTitle "playchess.com"]
[Source "ChessBase"]
[SourceQuality "1"]

{[%evp 20,107,22,0,0,0,0,0,0,13,15,23,139,79,72,74,72,72,67,67,66,67,68,61,61,61,67,61,77,45,46,46,46,46,46,46,61,61,61,61,61,61,61,61,61,61,61,61,61,30,30,30,30,30,30,30,30,30,30,30,30,30,30,30,30,30,30,0,30,30,30,30,30,30,30,30,30,30,30,0,0,0,0,0,0,0,0,0,0,0]} 1. Nf3 Nf6 2. c4 c5 3. Nc3 d5 4. cxd5 Nxd5 5. d4 Nxc3 6. bxc3 g6 7. e4 Bg7 8. Rb1 O-O 9. Be2 Nc6 10. d5 Ne5 11. Nd2 {LiveBook: 6 Games. D85: Exchange Grünfeld: Unusual White 7th moves and lines with 7 Nf3} (11. Nxe5 Bxe5 12. Qd2 e6 13. f4 Bc7 14. O-O exd5 15. exd5 Ba5 16. Ba3 Qd6 17. Rb5 Bb6 18. c4 Bf5 19. g4 Be4 20. Bb2 f6 21. g5 Qd7 22. Bxf6 Bd8 23. Bb2 Qh3 24. Rf2 Bxg5 25. Rxb7 {1-0 (35) Korobov,A (2700)-Smirin,I (2655) Poikovsky 2015}) 11... f5 $1 12. O-O fxe4 13. Nxe4 Bf5 14. f3 c4 $146 (14... b6 {with more complications.} 15. Bf4 Nf7 16. Qd2 Be5 17. Rbd1 Bxe4 18. fxe4 Bxf4 19. Rxf4 Qd6) ({Predecessor:} 14... b6 15. c4 Ng4 16. Bd3 Bxe4 17. fxg4 Rxf1+ 18. Qxf1 Bxd3 19. Qxd3 {½-½ (26) Cardelli,G (2439)-Rook,D (2448) ICCF email 2012}) 15. Rxb7 {Threatening Ba3.} Nd3 {[#]} (15... Bxe4 $11 {keeps the balance.} 16. fxe4 Rxf1+ 17. Qxf1 Qc8) 16. Bxd3 (16. d6 $142 $1 exd6 17. Bxd3 cxd3 18. Qxd3) 16... Qxd5 $16 17. Bxc4 $1 Qxc4 18. Rxe7 {Black must now prevent Nd6.} Bxe4 19. Rxe4 Qxa2 20. Rf2 Qa1 21. Qb3+ Kh8 22. Rc2 Rab8 23. Qa3 Qb1 24. Qa4 Rb3 25. Qa2 Qxa2 26. Rxa2 Rxc3 27. Bf4 Rd3 28. Rxa7 {Hoping for Be5.} Rxf4 29. Rxf4 {[#] Intending Ra8+ and mate.} Bd4+ 30. Rxd4 $1 Rxd4 $14 {[%mdl 4096] Endgame KR-KR} 31. Kf2 Rd2+ 32. Kg3 Kg8 33. h4 h5 34. f4 Rd3+ 35. Kf2 Rb3 36. Ra5 Kg7 37. Rg5 {f5 is the strong threat.} Kh6 38. Re5 Kg7 39. Re3 Rb4 40. Kf3 Kf6 41. Ra3 Rb6 42. Ra5 Rb3+ 43. Kf2 Rb2+ 44. Kg3 Rb3+ 45. Kh2 Rb4 46. g3 Rb2+ 47. Kh3 Rf2 48. Rg5 Kf7 49. f5 (49. Rc5 {looks sharper.} Ra2 50. Rc6 Kg7 51. Rb6 Kf7 52. Rd6) 49... Rxf5 {The position is equal.} 50. Rxf5+ gxf5 51. Kg2 Ke6 52. Kf3 Ke5 53. Ke3 Ke6 $1 54. Kf4 {Accuracy: White = 71%, Black = 89%.} 1/2-1/2

[Event "Groningen Festival 2018"]
[Site "Groningen"]
[Date "2018.12.30"]
[Round "9"]
[White "Plat, Vojtech"]
[Black "De Jong, Migchiel"]
[Result "1/2-1/2"]
[WhiteElo "2550"]
[BlackElo "2323"]
[Annotator "TA"]
[PlyCount "112"]
[EventDate "2018.12.22"]
[EventType "swiss"]
[EventCountry "NED"]
[SourceTitle "playchess.com"]
[Source "ChessBase"]
[SourceQuality "1"]

{[%evp 14,112,20,29,62,8,8,8,7,0,0,4,0,-80,-83,-146,-145,-159,-189,-235,-252,-202,-192,-218,-172,-195,-137,-108,-118,-136,-138,-127,-93,-262,-244,-572,-74,-82,-91,-307,-18,-22,-3,-3,-3,-3,-3,-3,-3,-3,-3,-3,0,-10,-10,-11,-3,-3,-3,-4,-9,-18,-3,-4,-3,-3,-3,-3,-3,-3,-3,-3,-3,-3,-4,-3,-3,-26,0,-3,-3,-3,-3,-3,0,0,0,0,0,0,0,0,0,0,0,0,0,0,0,0,0]} 1. d4 e6 2. Nf3 c5 3. e4 cxd4 4. Nxd4 a6 5. c4 Nf6 6. Nc3 Bb4 7. Bd3 Nc6 8. Be3 {LiveBook: 13 Games} d5 {B41: Sicilian: Kan Variation: 5 c4} (8... Ne5 9. O-O Bxc3 10. bxc3 Qc7 11. h3 b6 12. Rb1 Bb7 13. f3 d6 14. Be2 O-O 15. Qb3 Ned7 16. Nc2 {1-0 (68) Nguyen,A (2465)-Gareyev,T (2611) Singapore 2018}) 9. cxd5 ({White should play} 9. exd5 $14 Ne5 10. O-O) 9... exd5 $11 10. Nxc6 bxc6 11. Qa4 Bxc3+ 12. bxc3 O-O 13. O-O-O $146 (13. O-O $11) ({Predecessor:} 13. e5 Ng4 14. Qxc6 Nxe5 15. Bxh7+ Kxh7 16. Qxa8 {0-1 (44) Lamothe,J-Cheah,E (2270) Novi Sad 1990}) 13... Qe7 $17 {[%cal Rd5e4]} 14. exd5 (14. Qb4 $142 Qxb4 15. cxb4) 14... Nxd5 15. Bd2 Rb8 16. Rde1 Qc5 (16... Qb7 17. Qc2 $17) 17. Re5 f6 $1 {[%cal Rf6e5]} (17... Qxf2 18. Qd4 $17) (17... Qb6 18. Qc2 $15) 18. Rh5 g6 19. Rh4 Bf5 ({Not} 19... Qxf2 20. Qd4 $15) ({Black should try} 19... Be6 $19 20. Rc4 Qxf2 21. Qxc6 Bf7) 20. Bxf5 gxf5 21. Rc4 Qb6 $1 {[%csl Gb8][%cal Rb6b1]} ({Don't play} 21... Qxf2 $6 22. Qxc6 Rfd8 23. Rd4 $11) 22. Qc2 Rfd8 23. g4 $2 (23. Bf4 $17 Rb7 24. Rd1) 23... Qxf2 $19 {Strongly threatening ...Ne3.} 24. Qxf5 $2 {[#]} (24. Rd4 {nothing else works.} c5 25. Rd3) 24... Qb6 $2 {[#]} (24... Nb4 $1 $19 {[%cal Rb4a2] and Black stays clearly on top.} 25. Qxf2 Nd3+ {[%mdl 64] Double Attack} 26. Kd1 Nxf2+ 27. Kc2 Nxh1 28. Rxc6 Nf2) 25. Rb4 $1 $17 {[%mdl 512]} Qc5 {[%cal Rb8b4]} ({Reject} 25... Nxb4 $6 26. Qe6+ Kh8 27. Qxf6+ Kg8 28. Qg5+ Kh8 29. Qf6+ Kg8 30. Qg5+ Kh8 31. Qf6+ $11) 26. Ra4 $2 {[#]} (26. Rb2 $17 {keeps fighting.}) 26... Qb5 $2 (26... Rb7 $1 $19 27. g5 Qb6 28. Qe6+ Kf8) 27. Qc2 $11 {[#] Hoping for c4.} Nxc3 $1 {[%mdl 512]} 28. Bxc3 {Threatens to win with Qb3+!} (28. Qxc3 Qb1#) 28... Qg5+ $1 29. Bd2 Rxd2 $1 30. Qxd2 Rb1+ 31. Kxb1 {Intending Qxg5+ and mate.} Qxd2 {[%mdl 4096] Endgame KQ-KRR} 32. Rc1 Kf7 33. Rac4 Qxh2 34. Rxc6 Qe2 35. R6c4 Kg6 36. R1c2 Qe1+ 37. Kb2 Qe5+ 38. R2c3 Qb5+ 39. Kc2 Qa5 40. a3 Qb5 41. Re4 Qd5 42. Rcc4 h5 43. gxh5+ Kxh5 44. Rh4+ Kg6 45. Rhd4 Qf3 (45... Qf5+ {is more complex.} 46. Kb3 Qb1+ 47. Kc3 Qe1+ 48. Kb3 Qe3+) 46. a4 {The position is equal.} Kg5 47. Rd6 Qf2+ 48. Rd2 Qf1 49. Rc5+ f5 50. Rdd5 Kg4 51. Rxf5 Qxf5+ 52. Rxf5 Kxf5 {KP-KP} 53. Kc3 Ke6 54. Kb4 Kd7 55. Ka5 Kc7 56. Kxa6 Kb8 {Accuracy: White = 50%, Black = 60%.} 1/2-1/2

[Event "Groningen Festival 2018"]
[Site "Groningen"]
[Date "2018.12.30"]
[Round "9"]
[White "Ernst, Sipke"]
[Black "Cerveny, Martin"]
[Result "1/2-1/2"]
[WhiteElo "2539"]
[BlackElo "2347"]
[Annotator "TA"]
[PlyCount "155"]
[EventDate "2018.12.22"]
[EventType "swiss"]
[EventCountry "NED"]
[SourceTitle "playchess.com"]
[Source "ChessBase"]
[SourceQuality "1"]

{[%evp 14,155,24,0,58,72,53,5,12,10,13,11,14,6,0,0,18,10,38,38,59,33,95,98,110,108,113,104,115,112,102,76,73,79,83,79,84,80,87,70,65,43,43,36,37,37,37,37,37,27,27,21,29,23,31,26,17,26,42,39,43,32,39,32,33,8,8,8,8,8,15,0,8,0,15,15,15,0,15,0,0,0,9,0,0,0,0,0,0,0,0,0,0,0,0,-6,0,-6,-6,-6,-8,-25,0,0,0,-8,-8,-8,-8,-11,-11,-11,-6,-6,-6,-6,-6,-16,0,0,40,-7,-6,-3,8,0,0,0,0,0,0,0,0,0,8,8,8,8,8,8,8,8,8,8]} 1. e4 c5 2. Nf3 d6 3. Bb5+ Nd7 4. O-O a6 5. Bd3 b5 (5... Ngf6 6. c3 g6 7. Re1 Bg7 8. Bf1 b5 9. d4 cxd4 10. cxd4 Bb7 11. e5 dxe5 12. dxe5 Nd5 13. e6 fxe6 14. Ng5 Nc5 15. Qf3 Rf8 16. Qh3 {½-½ (40) Navara,D (2737)-Nepomniachtchi,I (2751) Saint Louis 2017}) 6. c3 {B51: Sicilian: Moscow Variation (3 Bb5+) without 3...Bd7} Bb7 7. Bc2 Ngf6 8. d3 {LiveBook: 8 Games. White has an edge.} c4 $146 (8... g6 $11) ({Predecessor:} 8... g6 9. Re1 Bg7 10. Nbd2 O-O 11. Nf1 e5 12. d4 cxd4 13. cxd4 exd4 14. Nxd4 {0-1 (32) Mokshanov,A (2428)-Khairullin,I (2650) Loo 2014}) 9. dxc4 $14 bxc4 10. e5 dxe5 11. Re1 Bxf3 12. Qxf3 e6 13. Bg5 Be7 14. Bxf6 Bxf6 15. Nd2 Rc8 16. Rad1 O-O 17. Re4 Nb6 (17... Be7 $14) 18. Nxc4 $1 $16 {[%mdl 64] Discovered Attack} Nxc4 19. Rxd8 Rfxd8 20. Qe2 Rd2 21. Rxc4 Rcd8 22. Kf1 (22. Qe4 $2 Rd1+ $1 {[%mdl 512]} 23. Bxd1 Rxd1+ 24. Qe1 Rxe1#) (22. Qf3 {is interesting.} Rxc2 23. g3 Rxb2 24. a4 h6 25. Rc7) 22... Rxe2 23. Kxe2 {[%mdl 4096] Endgame KRB-KRB} Bg5 {[#]} 24. Bd3 $1 f5 {[#] Hoping for ...e4.} 25. f3 $1 a5 26. Rc5 Bc1 27. b3 e4 $1 28. fxe4 fxe4 29. Bxe4 Rd2+ 30. Kf3 Rxa2 31. Rc8+ Kf7 32. Bxh7 Rb2 33. Bg8+ Ke7 $1 34. Rc6 Rxb3 35. Bxe6 Rb8 36. Bd5 Bb2 37. Ke4 a4 38. Rc7+ Kf6 39. c4 Re8+ 40. Kd3 a3 41. Ra7 Ke5 42. Ra5 Rd8 43. h3 Kf4 44. Kc2 Ke3 45. Ra7 g5 46. Ra5 Kd4 47. Bf7 Rd7 48. Bg8 Rg7 49. Ra8 Re7 50. Rd8+ Kc5 51. Rc8+ Kd4 52. Rd8+ Kc5 53. Rd5+ Kb4 {...Re2+ is the strong threat.} 54. Rb5+ Ka4 {And now ...Re2+ would win.} 55. Rb8 Be5 56. Ra8+ Kb4 57. Kd3 Bc7 58. c5 {[%cal Bc4c5,Bc5c6][%mdl 32]} Re5 59. c6 Rc5 60. Ra6 Ba5 61. Bf7 Kb5 62. Ra8 Rc3+ 63. Ke4 Rxc6 64. Rb8+ ({Don't blunder} 64. Be8 $2 a2 $19) 64... Kc5 65. Rb3 Bb4 {aiming for ...a2.} 66. Rg3 Rg6 67. Kf5 (67. Bxg6 $2 {loses.} a2 $19) (67. Rxa3 $5 Rf6 68. Rf3 Rxf3 69. Kxf3 $14 (69. gxf3 Kd6 $14)) 67... Rg7 {The position is equal.} 68. Ba2 Kd6 69. Kf6 Re7 70. Rd3+ Kc6 71. Kxg5 Re2 {[%mdl 64] Double Attack} 72. Bd5+ Kc5 73. Kf5 Rxg2 74. Bxg2 a2 $132 {[%mdl 2048] Black is not holding back} 75. Rd5+ Kb6 $1 76. Rd1 Bc3 77. Ra1 Bxa1 78. Bd5 {Accuracy: White = 59%, Black = 63%.} 1/2-1/2

[Event "Groningen Festival 2018"]
[Site "Groningen"]
[Date "2018.12.30"]
[Round "9"]
[White "Gleizerov, Evgeny"]
[Black "Schippers, Maurice"]
[Result "1-0"]
[WhiteElo "2504"]
[BlackElo "2270"]
[Annotator "TA"]
[PlyCount "95"]
[EventDate "2018.12.22"]
[EventType "swiss"]
[EventCountry "NED"]
[SourceTitle "playchess.com"]
[Source "ChessBase"]
[SourceQuality "1"]

{[%evp 30,94,0,0,0,0,28,0,0,0,0,0,-5,-9,0,0,0,0,0,0,0,0,0,0,0,0,0,0,0,0,0,-6,3,6,10,0,34,25,49,34,35,12,24,10,22,8,18,8,25,0,0,0,17,17,17,18,506,494,5306,5365,1829,1673,29990,5318,29998,29999,29999]} 1. d4 Nf6 2. c4 g6 3. Nc3 Bg7 4. e4 d6 5. Nf3 O-O 6. Be2 e5 7. O-O Nc6 8. d5 Ne7 9. Nd2 a5 10. a3 Nd7 11. Rb1 f5 12. b4 Kh8 13. Qc2 Nf6 14. Bb2 {E97: King's Indian: Classical Main Line (6...e5 7 0-0 Nc6): 8 Be3 and 8 d5 Ne7, not 9 Ne1} axb4 15. axb4 c6 16. Rbd1 {LiveBook: 5 Games. The position is equal.} (16. Rfd1 fxe4 17. Ndxe4 Nxe4 18. Nxe4 cxd5 19. cxd5 Bf5 20. f3 Qb6+ 21. Kh1 Bd7 {½-½ (33) Kasimdzhanov,R (2699)-Mamedov,N (2614) Konya 2010}) 16... fxe4 17. Ndxe4 Nxe4 18. Nxe4 cxd5 19. cxd5 Bf5 20. Bf3 Qb6 21. Qb3 Bxe4 22. Bxe4 Rf4 $146 23. Rde1 Raf8 {[%cal Rf4f2]} 24. Re2 Qb5 25. Rfe1 Qb6 26. Rf1 Qb5 27. Ree1 Qb6 {[%cal Rf4f2]} 28. Qe3 Qb5 ({But not} 28... Qxb4 29. Ba3 $14) 29. g3 R4f6 30. Qd2 Ng8 31. Bg2 Qb6 32. Re2 Bh6 33. Qe1 Ne7 34. Kh1 g5 35. h3 Qb5 36. Re4 Qb6 37. Bd4 Qb5 38. Ba1 Nxd5 {[#]} 39. Bxe5 $1 {[%mdl 512]} dxe5 40. Rxe5 Rd8 {...Rfd6 is the strong threat.} 41. Qe4 {[%cal Re5d5]} Rfd6 {Threatens to win with ...Qd7.} 42. Rd1 Qxb4 $2 {[%mdl 8192]} (42... Bf8 $11 {and Black is okay.}) 43. Re8+ $18 ({Inferior is} 43. Rexd5 Qxe4 44. Bxe4 Rxd5 $11) 43... Rxe8 (43... Bf8 $142) 44. Qxe8+ Kg7 45. Bxd5 Rg6 46. Be4 (46. Qg8+ $142 Kf6 47. Qf7+ {[%mdl 64] Double Attack} Ke5 48. Ba2 Qe4+ 49. Kh2 Bf8 {[#]} 50. f4+ $1 {[%mdl 512]} gxf4 51. Rd5+ Qxd5 52. Qxd5+ Kf6 53. Qf7+ {[%mdl 64] Double Attack} Kg5 54. Qxf4+ Kh5 55. Qh4#) 46... Qb3 47. Rd7+ {[%mdl 64] Double Attack} Kf6 48. Qe7# {Accuracy: White = 51%, Black = 37%.} 1-0

[Event "Groningen Festival 2018"]
[Site "Groningen"]
[Date "2018.12.30"]
[Round "9"]
[White "Ladva, Ottomar"]
[Black "Maatman, Nick"]
[Result "1-0"]
[WhiteElo "2497"]
[BlackElo "2363"]
[Annotator "TA"]
[PlyCount "173"]
[EventDate "2018.12.22"]
[EventType "swiss"]
[EventCountry "NED"]
[SourceTitle "playchess.com"]
[Source "ChessBase"]
[SourceQuality "1"]

{[%evp 16,173,31,15,27,9,4,0,0,0,0,0,0,0,0,0,0,-14,10,16,26,22,11,4,17,-19,-16,-61,0,0,0,-30,10,0,0,0,0,0,0,0,0,0,0,0,0,0,26,18,18,8,8,12,19,19,10,12,25,23,58,33,33,30,30,30,30,30,30,30,31,31,52,42,42,50,80,95,87,97,158,158,158,158,200,200,200,200,296,200,434,434,434,434,434,434,433,426,385,378,363,349,341,341,334,334,327,327,320,320,320,200,320,320,313,305,298,298,283,283,1966,1850,1652,1652,895,791,12812,11379,29959,29960,29958,29955,29963,29968,29967,29968,29968,29969,29968,29968,29967,29967,29975,29976,29976,29977,29977,29974,29977,29978,29983,29977,29988,29979,29987,29982,29989,29990,29996,29997,29998,29999]} 1. Nf3 Nf6 2. c4 e6 3. b3 d5 4. Bb2 Be7 5. e3 O-O 6. Nc3 b6 7. cxd5 {A13: English Opening: 1...e6} Nxd5 (7... exd5 8. d4 Bb7 9. Bd3 Nbd7 10. O-O Ne4 11. Rc1 Rc8 12. Qe2 c5 13. Ba6 Nxc3 14. Bxc3 Qc7 15. Bb2 Rfd8 16. Rfd1 Nf8 17. Ne5 Ne6 18. Bd3 Bf8 19. h4 {½-½ (37) Grischuk,A (2772)-Bacrot,E (2725) Riadh 2017}) 8. Nxd5 Qxd5 9. Qc2 {LiveBook: 6 Games. White is slightly better.} Na6 $146 ({Predecessor:} 9... c5 10. Bd3 f5 11. e4 Qd8 12. exf5 exf5 13. Bc4+ Kh8 14. d4 Nc6 15. dxc5 {1-0 (35) Pustovoitova,D (2351)-Sarana,A (2435) Samara 2015}) 10. Bc4 Qh5 11. Ne5 Bb7 12. Be2 Qg5 13. Nc6 Bc5 14. O-O-O Nb4 15. Nxb4 Bxb4 16. Bf3 Bd5 17. Kb1 Qe7 18. Rc1 Rac8 19. Bxd5 exd5 20. Qd3 Rfd8 21. Rc6 Qe4 (21... Qd7 $15 22. Rcc1 Be7) 22. Qxe4 $11 dxe4 23. Bd4 Bd6 ({Much worse is} 23... Bxd2 $6 24. a3 $16) 24. g4 f6 25. h4 h5 26. Rg1 Kf7 27. g5 fxg5 28. Rxg5 g6 29. Kc2 Rg8 30. d3 exd3+ 31. Kxd3 Be7 32. Rd5 Rgd8 33. Rxd8 Bxd8 {[%mdl 4096] Endgame KRB-KRB} 34. f4 Bxh4 35. e4 Be7 36. e5 Bc5 37. Bxc5 bxc5 $14 {KR-KR} 38. Ke4 h4 {[%cal Bh5h4,Bh4h3][%mdl 32] Threatening ...h3.} 39. Kf3 h3 {And now ...Rh8 would win.} 40. Kg3 Rh8 {Strongly threatening ...h2.} 41. Kh2 Rh4 42. Rxc7+ Ke6 43. Rxc5 Rxf4 44. Kxh3 Rf5 {[#]} 45. Ra5 $1 Rxe5 46. Rxa7 g5 (46... Re2 $142) 47. Kg4 $16 Kd6 48. Ra6+ Kc7 49. Kh5 Kb7 {[#]} 50. Ra4 $1 Rf5 (50... Kb6 {was necessary.} 51. Rg4 Re3) 51. Rg4 Rf2 $2 (51... Kb6 52. a4 (52. Rxg5 Rf3 $16) 52... Rf1) 52. a4 $18 Rf3 53. Rb4+ Ka6 54. Kxg5 Ka5 55. Rb8 Rf1 56. Kg4 Rf2 57. Kg3 Rf1 58. Rb7 Rf5 59. Kg2 Ka6 60. Rb4 Ka5 61. Rb8 Rf7 62. Rb5+ Ka6 63. Kg3 Rf1 64. Kg4 Rf2 65. b4 Rf1 66. Rf5 Rb1 $2 (66... Rc1 67. Rf6+ Ka7) 67. Ra5+ Kb6 68. Rb5+ Kc6 69. Kf3 Rf1+ 70. Ke3 Rh1 71. Rc5+ {White mates.} Kb6 72. Kd3 Ra1 73. a5+ Ka6 74. Rc6+ Kb7 75. Rb6+ Ka7 76. Kc4 Rh1 77. Rd6 Rh7 78. b5 Kb7 79. a6+ Ka7 80. Kb4 Rh1 81. Rd7+ Ka8 82. Ka5 Rh8 83. Rc7 Kb8 84. Rc5 Rg8 85. b6 Rg1 86. a7+ Ka8 87. Rc8+ {Accuracy: White = 79%, Black = 44%.} 1-0

[Event "Groningen Festival 2018"]
[Site "Groningen"]
[Date "2018.12.30"]
[Round "9"]
[White "Beerdsen, Thomas"]
[Black "De Boer, Eelke"]
[Result "1-0"]
[WhiteElo "2477"]
[BlackElo "2327"]
[Annotator "TA"]
[PlyCount "75"]
[EventDate "2018.12.22"]
[EventType "swiss"]
[EventCountry "NED"]
[SourceTitle "playchess.com"]
[Source "ChessBase"]
[SourceQuality "1"]

{[%evp 19,75,0,0,0,0,-18,-21,-14,-14,-2,0,-23,-17,-31,6,8,91,86,96,83,106,87,94,75,74,74,81,25,88,81,102,100,107,99,106,8,34,0,9,17,140,155,137,122,204,205,197,215,233,191,298,290,294,278,265,275,667,656]} 1. e4 c5 2. Nf3 {[%cal Bg1f3,Bf3d4,Bd4f5][%mdl 32]} d6 {[%cal Bd7d6,Bd6d5,Bd5d4][%mdl 32]} 3. Nc3 a6 4. d4 cxd4 5. Nxd4 Nf6 6. a3 e5 {B90: Sicilian Najdorf: Unusual White 6th moves, 6 Be3 Ng4 and 6 Be3 e5} 7. Nf5 (7. Nf3 Be7 8. Bc4 O-O 9. Bg5 Be6 10. Bxf6 Bxc4 11. Bxe7 Qxe7 12. Nd2 Be6 13. Nf1 Nd7 14. Ne3 Nf6 15. O-O Rac8 16. Qd3 Rc6 17. Rfd1 Rfc8 18. f3 g6 19. Kh1 Kg7 20. Qd2 {½-½ (20) Anand,V (2782)-Nepomniachtchi,I (2729) Riadh 2017}) 7... d5 8. Bg5 d4 9. Bxf6 Qxf6 10. Nd5 Qd8 {LiveBook: 9 Games. ...Bxf5 is the strong threat.} 11. Bc4 Be6 $146 ({Predecessor:} 11... g6 12. Nxd4 Nc6 13. Ne2 Bg7 14. O-O {1-0 (69) Sidhant,M (2382)-Tran,T (2548) Chennai 2018}) 12. O-O {Black must now prevent f4.} Nd7 $1 13. Ba2 Nf6 14. Qf3 $132 {[%mdl 2048] White is not keeping still} Nxd5 15. Bxd5 Qd7 16. c3 Bxd5 17. exd5 g6 {[#]} (17... dxc3 $11 18. Qe4 (18. bxc3 g6 $14) 18... f6) 18. Nxd4 $1 $16 {[%mdl 512] Strongly threatening Qf6.} O-O-O (18... exd4 19. Qf6) 19. Qf6 Bc5 20. Qxe5 Rhe8 21. Qg3 Qxd5 22. Rad1 h5 23. Rd3 (23. b4 $16 Bb6 24. Rd2) 23... Qe5 (23... Re4 $1 $11) 24. Qf3 Rd7 25. Re3 Qh8 26. Rxe8+ Qxe8 27. Nb3 (27. Rd1 $16) 27... Bb6 28. c4 {[%cal Bc3c4,Bc4c5,Bc5c6][%mdl 32] And now c5 would win.} Qe5 29. g3 Qxb2 (29... Bd8 $11 {remains equal.}) 30. c5 Bc7 {[#]} 31. c6 $1 {[%cal Rc6d7]} bxc6 {[#]} (31... Rd6 $16 {was necessary.}) 32. Nc5 $1 $18 {[%cal Rc5d7]} Rd5 33. Qxf7 Qe5 34. Rc1 Qd6 (34... g5 $142 35. Nxa6 g4) 35. Qe8+ (35. Nxa6 Rd1+ 36. Rxd1 Qxd1+ 37. Kg2 Bd6 $16) 35... Bd8 36. Ne4 ({Weaker is} 36. Nxa6 Rd1+ 37. Rxd1 Qxd1+ 38. Kg2 Qd5+ 39. Kf1 Qc4+ 40. Qe2 Qc1+ 41. Kg2 Qxa3 $14) 36... Qd7 37. Rxc6+ ({Much less strong is} 37. Qxg6 $6 Rd1+ 38. Rxd1 Qxd1+ 39. Kg2 Qd5 $16) 37... Kb7 $2 (37... Kb8 38. Qxg6 Rd1+ 39. Kg2 Qd3 40. Qd6+ (40. Rxa6 Qf1+ 41. Kf3 Rd3+ 42. Kf4 Qc1+ 43. Ke5 Qb2+ 44. Kf4 Qc1+ 45. Ke5 Qb2+ 46. Kf4 Qc1+ $11) 40... Qxd6 41. Nxd6 Ka7) 38. Nc5+ {Precision: White = 62%, Black = 42%.} 1-0